Illustrated Clinical Anatomy (Record no. 495)

MARC details
000 -LEADER
fixed length control field 01247cam a22003617a 4500
001 - CONTROL NUMBER
control field 14123397
003 - CONTROL NUMBER IDENTIFIER
control field OSt
005 - DATE AND TIME OF LATEST TRANSACTION
control field 20190918115611.0
008 - FIXED-LENGTH DATA ELEMENTS--GENERAL INFORMATION
fixed length control field 050928s2005 enka 001 0 eng c
010 ## - LIBRARY OF CONGRESS CONTROL NUMBER
LC control number 2005280335
015 ## - NATIONAL BIBLIOGRAPHY NUMBER
National bibliography number GBA4-Z0036
016 7# - NATIONAL BIBLIOGRAPHIC AGENCY CONTROL NUMBER
Record control number 101247315
Source DNLM
020 ## - INTERNATIONAL STANDARD BOOK NUMBER
International Standard Book Number 0340807431 (pbk.)
020 ## - INTERNATIONAL STANDARD BOOK NUMBER
International Standard Book Number 9780340807439
035 ## - SYSTEM CONTROL NUMBER
System control number (OCoLC)ocm58973757
040 ## - CATALOGING SOURCE
Original cataloging agency NLM
Transcribing agency NLM
Modifying agency NVC
-- UKM
-- C#P
-- BAKER
-- DLC
042 ## - AUTHENTICATION CODE
Authentication code pcc
050 00 - LIBRARY OF CONGRESS CALL NUMBER
Classification number QM25
Item number .I44 2005
060 00 - NATIONAL LIBRARY OF MEDICINE CALL NUMBER
Classification number 2005 F-354
060 10 - NATIONAL LIBRARY OF MEDICINE CALL NUMBER
Classification number QS 17
Item number I29 2005
082 00 - DEWEY DECIMAL CLASSIFICATION NUMBER
Classification number QS4 A82i 2005
Edition number 22
100 ## - MAIN ENTRY--PERSONAL NAME
Personal name Abrahams, Peter H.; Craven, John; Lumley, John
9 (RLIN) 1300
245 00 - TITLE STATEMENT
Title Illustrated Clinical Anatomy
260 ## - PUBLICATION, DISTRIBUTION, ETC. (IMPRINT)
Place of publication, distribution, etc. London :
Name of publisher, distributor, etc. Oxford University Press
Date of publication, distribution, etc. 2005.
300 ## - PHYSICAL DESCRIPTION
Extent viii, 390 p. :
Other physical details ill. (chiefly col.) ;
Dimensions 28 cm.
504 ## - BIBLIOGRAPHY, ETC. NOTE
Bibliography, etc Includes index.
650 #0 - SUBJECT ADDED ENTRY--TOPICAL TERM
Topical term or geographic name as entry element Human anatomy
9 (RLIN) 151
856 42 - ELECTRONIC LOCATION AND ACCESS
Materials specified Publisher description
Uniform Resource Identifier http://www.loc.gov/catdir/enhancements/fy0635/2005280335-d.html
856 41 - ELECTRONIC LOCATION AND ACCESS
Materials specified Table of contents only
Uniform Resource Identifier http://www.loc.gov/catdir/enhancements/fy0635/2005280335-t.html
906 ## - LOCAL DATA ELEMENT F, LDF (RLIN)
a 7
b cbc
c pccadap
d 2
e ncip
f 20
g y-gencatlg
942 ## - ADDED ENTRY ELEMENTS (KOHA)
Source of classification or shelving scheme Other/Generic Classification Scheme
Koha item type Short Loan
Holdings
Withdrawn status Lost status Source of classification or shelving scheme Damaged status Not for loan Home library Current library Date acquired Source of acquisition Inventory number Total Checkouts Full call number Barcode Date last seen Koha item type Price effective from Public note
    Other/Generic Classification Scheme     MUST Main Library MUST Main Library 23/09/2014 Purchase 07/29011   QS4 A82i 2005 2014-2938 23/09/2014 Short Loan    
    Other/Generic Classification Scheme     MUST Main Library MUST Main Library 18/09/2019 Purchase 07/29010   QS4 A82i 2005 2019-0443 18/09/2019 Open Shelf 18/09/2019 No borrowing